| 000 | 00815nam a2200253Ia 4500 | ||
|---|---|---|---|
| 003 | OSt | ||
| 005 | 20221005094636.0 | ||
| 006 | a|||||r|||| 00| 0 | ||
| 007 | ta | ||
| 008 | 221004b |||||||| |||| 00| 0 eng d | ||
| 020 |
_a0199262977 (hbk) _c6280.30 |
||
| 024 | _a98841 | ||
| 037 |
_b431, 28/09/2009, Bhagwati Book Seller _cTextual |
||
| 040 |
_aCRL _cCRL _beng |
||
| 041 |
_2eng _aeng |
||
| 082 | _aO111,6(w,1):gM, P5 | ||
| 100 |
_aTreadwell James _9619326 |
||
| 245 | 0 | _aAutobiographical writing and British literature, 1783 - 1834 | |
| 260 |
_aOxford _bOxford University Press UK _c2005 |
||
| 300 |
_axi, 256p. _ccm. |
||
| 650 | _aENGLISH LITERATURE | ||
| 942 |
_hO111,6(w,1):gM, P5 _cTEXL _2cc |
||
| 999 |
_c1002246 _d1002246 |
||